000 00357nam a2200157Ia 4500
100 _aValentina/Plekhanova
650 _aSoftware Engineering
942 _cRB
366 _f20
245 _aIntelligent agent softaware engineering
260 _bIdea Group
_c2003
082 _a6.3
_bVAL
300 _a240
546 _aENGLISH
_celectronics
999 _c31148
_d31148